000
00299nam a22001217a 4500
008
230502b |||||||| |||| 00| 0 eng d
100
_a
Bare Act
245
_a
The Protection of Human Rights Act 1993
260
_a
Delhi
_b
Universal Pub
_c
2006
300
_a
47
546
_a
English
942
_2
ddc
_c
BK
999
_c
19957
_d
19957